000 00529nam a22001697a 4500
003 OSt
005 20260128145144.0
008 260128b |||||||| |||| 00| 0 eng d
040 _cMRSPTU
041 _aEnglish
100 _aJaspreet Singh Brar, Supervisor: Sanjiv Aggarwal
245 _aEnvironmental Impact Assessment of a Highway Project
260 _bDepartment of Civil Engg. MRSPTU, Bathinda
_c2010
650 _aCivil Engineering
856 _uhttp://163.47.215.52:8080/jspui/handle/123456789/977
942 _2ddc
_cTH
_n0
999 _c10780
_d10780